000
00439nam a2200145Ia 4500
008
100204s9999 xx 000 0 und d
082
_b
11119
100
_a
कापसे राम
245
_a
लॅटिन आयोग
260
_b
"गौरा प्रकाशन, डोंबिवली"
_c
1988
300
_a
76
630
_a
लॅटिन आयोग
730
_a
लॅटिन आयोग
942
_c
BOOK
999
_c
455555
_d
455552